000 00828nas a2200277 4500
001 BR0301512
003 BR-BrBNA
005 20231205103641.0
007 ta
008 230509b bl.|||p| |||| 00| 00por d
040 _aBR-BrBNA
_bpor
_cBiblioteca Nacional de Agricultura
041 _a(Pt)
072 _aH10
100 1 _aFranco, A.A.
100 1 _aRigitano, R.L. de O.
100 1 _aGouvea, A.V. de
245 1 _aDissipação do inseticida metamidofós em plantas de alface (Lactuca sativa L.)
650 _aALFACE
650 _aINSETICIDA
650 _aRESÍDUO
650 _aCROMATOGRAFIA
650 _aCONTROLE CULTURAL
773 0 _tCiência e Agrotecnologia (Brazil)
_xISSN 1413-7054
_g(Nov-Dec 2001), v. 25(6) p. 1307-1313
_wBR0301512
909 _a202311
_bLúcia
_c55
_dLúcia Elande
942 _2AGRIS
_n0
_cANA
999 _c174016
_d174016